000 003160000a22000970004500
100 1 _aMeek, Donald
245 1 0 _aSaints and scarecrows : The churches and gaelic culture in the highlands since 1560
300 _aVol. 14, Num. 1 (1996), Páginas 3-22
773 0 _tScottish Bulletin of Evangelical Theology
942 _cANA
999 _c55724
_d55724